Paraprofessionals in rural development /

Bibliographic Details
Other Authors: Esman, Milton J. (Milton Jacob)
Format: Book
Language:English
Published: Ithaca, N.Y. : Rural Development Committee, Center for International Studies, Cornell University, [1980]
Series:Special series on paraprofessionals ; no. 1.
Subjects:

MARC

Tag First Indicator Second Indicator Subfields
LEADER 00000cam a2200000 a 4500
001 in00000072948
005 20151008060001.0
008 820318s1980 nyu b 00000 eng d
035 |a (OCoLC)08255644 
035 |9 AAJ4880AM 
040 |a IPT  |c IPT  |d TXA  |d UtOrBLW 
049 |a TXAM  |c [801054] 
090 |a HV10.5  |b .E8 
245 0 0 |a Paraprofessionals in rural development /  |c by Milton J. Esman [and others]. 
264 1 |a Ithaca, N.Y. :  |b Rural Development Committee, Center for International Studies, Cornell University,  |c [1980] 
264 4 |c ©1980 
300 |a vii, 149 pages ;  |c 28 cm. 
336 |a text  |b txt  |2 rdacontent 
337 |a unmediated  |b n  |2 rdamedia 
338 |a volume  |b nc  |2 rdacarrier 
490 1 |a Cornell University Rural Development Committee special series on paraprofessionals ;  |v no. 1 
504 |a Bibliography: pages [140]-149. 
650 0 |a Rural development. 
650 0 |a Paraprofessionals in social service. 
700 1 |a Esman, Milton J.  |q (Milton Jacob) 
830 0 |a Special series on paraprofessionals ;  |v no. 1. 
999 |a MARS 
999 f f |s 3a7a7c2b-8703-3203-8bcf-5b70d4688ab3  |i d14d2784-4caa-3e4e-a1fd-bbd52eb9337d  |t 0 
952 f f |p ric  |a Texas A&M University  |b Rellis Campus  |c Joint Library Facility  |d Remote Storage  |t 0  |e HV10.5 .E8  |h Library of Congress classification  |i unmediated -- volume  |m A14806145229 
998 f f |a HV10.5 .E8  |t 0  |l Remote Storage